| 000 | 00604nam a2200229 i 4500 | ||
|---|---|---|---|
| 001 | C2-0253244 | ||
| 003 | PPAK | ||
| 005 | 20180727220415.0 | ||
| 008 | 040229s2003 my |||| ||||| | may d | ||
| 040 |
_aPPAK _beng _cPPAK _erda |
||
| 082 | 0 | 4 |
_a657.7 _223 |
| 090 | 0 | 0 |
_a657.7 _bPER _dR |
| 245 | 0 | 0 | _aPerakaunan perniagaan |
| 264 | 1 |
_aKuala Lumpur : _bUniversiti Terbuka Malaysia (OUM) , _c2003 |
|
| 300 |
_av, 449 pages ; _c29 cm |
||
| 336 |
_2rdacontent _atext |
||
| 337 |
_2rdamedia _aunmediated |
||
| 338 |
_2rdacarrier _avolume |
||
| 500 | _aACCP 2015 | ||
| 650 | 1 | 0 | _aAccounting. |
| 942 |
_ddc _cB |
||
| 999 |
_c66125 _d66125 |
||